BIOCHEMISTRY FOR B.SC. NURSING (Record no. 8176)
[ view plain ]
| 000 -LEADER | |
|---|---|
| fixed length control field | 00283nam a22001337a 4500 |
| 003 - CONTROL NUMBER IDENTIFIER | |
| control field | SGT |
| 082 ## - DEWEY DECIMAL CLASSIFICATION NUMBER | |
| Classification number | 615.015 |
| Item number | B15H |
| 100 ## - MAIN ENTRY--PERSONAL NAME | |
| Personal name | HARBANS, LAL |
| 245 ## - TITLE STATEMENT | |
| Title | BIOCHEMISTRY FOR B.SC. NURSING |
| 250 ## - EDITION STATEMENT | |
| Edition statement | 3RD |
| 260 ## - PUBLICATION, DISTRIBUTION, ETC. (IMPRINT) | |
| Place of publication, distribution, etc | DELHI |
| Name of publisher, distributor, etc | CBS PUB. |
| Year of Publication | 2015 |
| 300 ## - PAGE DESCRIPTION | |
| No. of Pages | 136 |
| 942 ## - ADDED ENTRY ELEMENTS (KOHA) | |
| Source of classification or shelving scheme | Dewey Decimal Classification |
| Koha item type | Books |
| 942 ## - ADDED ENTRY ELEMENTS (KOHA) | |
| -- | 98 |
| Withdrawn status | Lost status | Source of classification or shelving scheme | Damaged status | Not for loan | Collection code | Home library | Current library | Shelving location | Date acquired | Vendor Name | Cost, normal purchase price | SGTU | Bill Number | Total Checkouts | Total Renewals | Full call number | Accession No. (Barcode) | Date last seen | Date last borrowed | Bill Date | Koha item type | Checked out |
|---|---|---|---|---|---|---|---|---|---|---|---|---|---|---|---|---|---|---|---|---|---|---|
| Dewey Decimal Classification | NURSING | SGT Medical Library | SGT Medical Library | Text Book | 23/12/2015 | AHUJA BOOK COMPANY | 275.00 | SGTU | 6070 | 51 | 4 | 615.015 B15H | FN2963 | 13/04/2026 | 07/03/2026 | 11/08/2015 | Books | |||||
| Dewey Decimal Classification | NURSING | SGT Medical Library | SGT Medical Library | Text Book | 23/12/2015 | AHUJA BOOK COMPANY | 275.00 | SGTU | 6070 | 46 | 615.015 B15H | FN2964 | 12/05/2026 | 12/05/2026 | 11/08/2015 | Books | 26/05/2026 | |||||
| Dewey Decimal Classification | NURSING | SGT Medical Library | SGT Medical Library | Text Book | 23/12/2015 | AHUJA BOOK COMPANY | 275.00 | SGTU | 6070 | 49 | 615.015 B15H | FN2965 | 13/04/2026 | 30/03/2026 | 11/08/2015 | Books | ||||||
| Dewey Decimal Classification | NURSING | SGT Medical Library | SGT Medical Library | Text Book | 23/12/2015 | AHUJA BOOK COMPANY | 275.00 | SGTU | 6070 | 38 | 615.015 B15H | FN2966 | 01/04/2026 | 16/03/2026 | 11/08/2015 | Books | ||||||
| Dewey Decimal Classification | NURSING | SGT Medical Library | SGT Medical Library | Text Book | 23/12/2015 | AHUJA BOOK COMPANY | 275.00 | SGTU | 6070 | 39 | 615.015 B15H | FN2967 | 17/04/2026 | 17/04/2026 | 11/08/2015 | Books | ||||||
| Dewey Decimal Classification | NURSING | SGT Medical Library | SGT Medical Library | Text Book | 23/12/2015 | AHUJA BOOK COMPANY | 275.00 | SGTU | 6070 | 34 | 615.015 B15H | FN2968 | 23/05/2026 | 19/05/2026 | 11/08/2015 | Books |